ATLiens - OutKast - Statistics

General Stats
  • This quiz has been taken 3 times
  • The average score is 8 of 15
Answer Stats
Songs Plays Artists % Correct
ATLiens 246,704,903 OutKast
100%
13th Floor/Growing Old 6,833,602 OutKast
67%
Babylon 11,737,402 OutKast
67%
Elevators (Me & You) 69,273,457 OutKast
67%
Elevators (ONP 86 mix) 4,665,603 OutKast
67%
E.T. (Extraterrestrial) 5,701,346 OutKast
67%
Mainstream 9,112,282 OutKast
67%
Two Dope Boyz (In A Cadillac) 32,378,845 OutKast
67%
You May Die (Intro) 6,100,649 OutKast
67%
Decatur Psalm 5,689,403 OutKast
33%
Jazzy Belle 49,407,398 OutKast
33%
Millenium 10,329,716 OutKast
33%
Ova da Wudz 7,949,752 OutKast
33%
Wailin' 10,008,467 OutKast
33%
Wheelz of Steel 24,084,652 OutKast
33%
No matching quizzes found
Score Distribution
Percent of People with Each Score
Percentile by Number Answered
Your Score History
You have not taken this quiz